00570nam a22001457a 450000500170000000800410001708200170005824500730007526000450014830000100019365000230020394200070022699900170023395201740025020260407104828.0260407b |||||||| |||| 00| 0 eng d a658.3bAGE-M aAn Agenda for Human Resource Development and Employment in Pakistan  aPakistan bNational Manpower Commission  a50 p. aManagement Science cBK c47218d47218 00w2026-04-071040708Management Science aAUSCbAUSCcManagement Scienced2026-04-07eGifted By Dr. Salman Hasan l0o658.3 AGE-MpAUHEG0001r2026-04-07 10:51:03yBK